MDQL
is popping MORE tags! Check the
thread
!
Quizzes
Events
Quiz Creation
Community
Videos
Private Events
Remove Ads
Sign In
Join for FREE
Feedback
Dark Mode
Quiz Categories
Sports
Geography
Music
Movies
Television
Just For Fun
Miscellaneous
History
Literature
Language
Science
Gaming
Entertainment
Religion
Holiday
For Kids
Quiz Lab
Recent
Popular Today
Quiz Kudos Today
Editor Picks
Curator Picks
Quizzes by...
Day
Popularity
Type
Ratings
Length
Year
Community
Subscriptions
Recent Discussions
Orange Saloon
Badges
Playlists
Quests
Create
Leaderboards
Showdown
Live 5
Trivia Bingo
Activity
Puzzle Library
Sporcle Events
Private Events
Virtual Trivia
Globe League
Become a Host
Pub Owners
SporcleCon
Opinionation
Our Games
Videos
Blog
Mobile Apps
Partnerships
Remove Ads and Go Orange
Feedback
Movies
Disney
Marvel Cinematic Universe
Movie Resume
Movie Titles
Oscar
Actor
Actress
Director
Pixar
Role
Movie Quotes
Movie Characters
Box Office
Nominee
Best Picture
Star Wars
James Bond
Horror Movies
Movies
Disney
Marvel Cinematic Universe
Movie Resume
Movie Titles
Oscar
Actor
Actress
Director
Pixar
Role
Movie Quotes
Movie Characters
Box Office
Nominee
Best Picture
Star Wars
James Bond
Horror Movies
Random Quiz
Search Sporcle
×
Quiz Lab
Quiz Lab
Movies
Animation
Type in answers that appear in a list
Type in answers that appear in a list
Classic
Best Score? Go Orange.
HTTYD Character Profile: Astrid Stats
Can you name the HTTYD Character Profile: Astrid?
By
trainman95
10m
39 Questions
491 Plays
491 Plays
491 Plays
Comments
Comments
Give Quiz Kudos
Give Quiz Kudos
-
- Ratings
hide this ad
More Info
Replay
Link that replays current quiz
Next Quiz
Link to next quiz in quiz playlist
You Got
0%
They Got
Avg Score
60%
Avg Friend Score
Upgrade to see
Score Distribution
Jump to the score distribution portion of the page
Score
0/39
Timer
10:00
1
Play Today
Hint
Answer
% Correct
Species
Human
97.6%
Hair Color
Blonde
92.5%
Husband
Hiccup
92.5%
Type of Human
Viking
88.8%
Dragon Partner
Stormfly
87.4%
TV Series (Season 1)
Riders of Berk
87%
TV Series (Season 2)
Defenders of Berk
86.8%
Occupation
Chieftess of Berk
86.5%
Video Game appearance
Rise of Berk
86.2%
Video Game appearance
School of Berk
86.2%
Homeland
Berk
86.2%
Weapon
Axe
81.3%
Maidan Name
Hofferson
80.4%
1st Film appearance
How to Train Your Dragon
78.4%
What color is her dragon armor?
Blue
75.6%
Closest Friend
Heather
73.5%
Daughter
Zephyr
67.2%
What season is set during Astrid and Hiccup's wedding?
Winter
66%
Son
Nuffink
64.4%
2nd Film appearance
How to Train Your Dragon 2
64.2%
Hint
Answer
% Correct
Sequel Series (6 seasons)
Race to the Edge
61.5%
3rd Film appearance
How to Train Your Dragon: The Hidden World
60.1%
What caused her to go blind temporarily?
Explosion caused by lightning
58.9%
2nd Short
Book of Dragons
56%
3rd Short
Gift of the Night Fury
53.2%
5th Short
How to Train Your Dragon: Homecoming
53.1%
Made of what?
Shedded Deadly Nadder Scales
51.5%
1st Short
Legend of the Boneknapper
50.9%
Voiced by?
America Ferrera
49.3%
Descendant (Possible)
Tom Kullersen
43.9%
TV Series (Sequel to Main Franchise) (Pictures Only)
The Nine Realms
43.3%
What did she get infected with in Race to the Edge?
The Scourge of Odin
42.8%
4th Short
Dawn of the Dragon Racers
42.2%
What was the first thing she said when entering dragon training?
No turning back
37.7%
Descendant (Possible)
Olivia Kullersen
36.8%
Video Game appearance
Dawn of the New Riders
28%
What does she say to Eret after she and Stormfly abduct him?
Careful what you wish for!
26.7%
Video Game appearance
Dragons: Titan Uprising
25.3%
What was on thing she said to Hiccup after they got back from discovering the Dragon's Nest?
That's for kidnapping me. That's for everything else.
21%
Quiz Playlist
Details
Report
Send in Message
Add To Playlist
More Info:
Name the facts about Astrid Hofferson from the How to Train Your Dragon franchise.
Classic:
Type in answers that appear in a list
Last Updated: Jan 31, 2020
Quiz Scoreboard
CHALLENGE
Sign Up to Join the Scoreboard
Show All
Scores
Hide
Comments
May contain spoilers
Recently Published
1-10 Letter E Words III
by El_Dandy
Language
2m
Street Fighter Characters
by Artimus82
Gaming
60s
College Basketball Coaching Resumes
by pancakes188
Sports
9m
More to Explore
Quiz From the Vault
Featured Blog Post
Where Did the Easter Bunny Come From?
hide this ad
You Might Also Like...
Tags
Animation Quiz
Dreamworks Animation
How to Train Your Dragon
Today's Top Quizzes in Movies
Browse Movies
hide this ad
Today's Top Quizzes in Animation
Browse Animation
Top Contributed Quizzes in Movies
1
Pick 5 Posters: Directed by Spielberg
2
7-to-1: Pixar Characters
3
Hidden Star Wars Character II
4
Pick 5 Posters: Lowest-Rated Spielberg
5
Hidden Star Wars Character III
6
Sorting Actors
7
Sorting Actresses
8
Hidden Star Wars Character IV
9
Pick 5 Posters: Directed by Scorsese
10
Hidden Star Wars Character V
Explore More
Trending Topics
Harry Potter
Crossword
Disney
Kpop
Marvel
NBA
Anime
Puzzle
Country
NFL
Song
Pokémon
WWE
The Office
Soccer
hide this ad
More By:
trainman95
Quiz
Plays
Rating
Category
Featured
Created
HTTYD Character Profile: Toothless
1,069
3.50
Movies
Sep 11, 2019
HTTYD Character Profile: Hiccup
719
3.33
Movies
Sep 11, 2019
Disney Movie Scores Quiz (Audio)
701
3.67
Movies
Nov 25, 2022
Disney Live-Action Remake Casts
540
5.00
Movies
Jun 9, 2019
How to Train Your Dragon Franchise Characters
510
Movies
May 31, 2019
Go to Creator's Profile
Score Distribution
Quiz Creator Spotlight
trainman95
Follow
Send a Message
Quizzes Created
-
Created Quiz Play Count
-
More By This Creator
Popular Quizzes Today
1
Find the US States - No Outlines Minefield
2
Find the Countries of Europe - No Outlines Minefield
3
The Countries of the World
4
Find the US States
5
Risky Map Clicking: Biggest States A-Z
6
US States
7
Popular People in 1961
8
Movies - When Are They Set?
More Movies Quizzes
Three Characters: Tim Burton
Published
Trending Quizzes
Risky Map Clicking: Least Populous States A-Z
Billboard Blitz: Aretha Franklin
Famous Russians: Author or Composer?
1-10 Letter G Words
Countries of the World: 200 Million BC
Recently Updated
Leaping Animals
pecheneg
Reality TV Shows (A-Z)
bhenderson79
Rickey Henderson's Hall of Fame Teammates
pecheneg
Champions League XIs: Arsenal
pecheneg
Quick Pick: Celebrities in WWE's Hall of Fame
aduchscher
A-Z Keypad Blitz II
pecheneg
Multiple Oscar Actors
pecheneg
Mystery Phrase Blitz: Oscar 'Best Actors'
pecheneg
F. Scott Fitzgerald Novels
LTH
Pick 3 Villains
ddd62291
Trending Topics
Disney
Crossword
Harry Potter
Anime
NBA
Kpop
Marvel
Puzzle
NFL
Pokémon
Song
Soccer
WWE
The Office
Country
Your Account Isn't Verified!
In order to create a playlist on Sporcle, you need to verify the email address you used during registration. Go to your
Sporcle Settings
to finish the process.
Report this User
Report this user for behavior that violates our
Community Guidelines
.
Details:
Send Report
Go to the Sporcle.com Mobile Site →
Comments